000 00476ntaaa2200193 4500
003 01
005 20251027202825.0
008 0714s1973 ag 01
040 _aAR-BaBN
_bspa
_cAR-BaBN
_eaacr
_dRIC
082 _a920.0000 W67
100 _aWilliams, Beryl
_928772
245 _aThe great Houdini
250 _a1 ed.
260 _aNew York :
_bTab Books,
_c1950
300 _a274 p
650 _abiografĂ­a-Houdini
_928773
700 _aEpstein, Samuel
_928774
942 _cBK
999 _c23624
_d23624